00358nam a22001217a 4500082000900000100001800009245012400027260002700151300001100178526001800189650001200207700001700219 aP-82 aM.Usman Iqbal aSoil investigation & Foundation Design for Corps Head Quarter & Under Ground Command PostcM. Usman Iqbal: Farooq Ahmad aRisalpur:bMCE,c2000. a71 p.: a0b0c0dP_82 aProject aDS Maj Abeer